BIBLIOTECA PODER JUDICIAL
Portal Judicial TDF

Obligación alimentaria derivada de la responsabilidad parental, cuidado personal y perspectiva de género / (Registro nro. 5443)

000 -LEADER
fixed length control field 01293nab a22002537a 4500
003 - CONTROL NUMBER IDENTIFIER
control field OSt
005 - DATE AND TIME OF LATEST TRANSACTION
control field 20251020112751.0
008 - FIXED-LENGTH DATA ELEMENTS--GENERAL INFORMATION
fixed length control field 190604e xxu||||| |||| 00| 0 spa d
040 ## - CATALOGING SOURCE
Transcribing agency PJ
100 ## - MAIN ENTRY--PERSONAL NAME
Personal name Leonardi, Juan Manuel
9 (RLIN) 5456
245 10 - TITLE STATEMENT
Title Obligación alimentaria derivada de la responsabilidad parental, cuidado personal y perspectiva de género /
Statement of responsibility, etc Juan Manuel Leonardi.
260 ## - PUBLICATION, DISTRIBUTION, ETC. (IMPRINT)
Place of publication, distribution, etc Ciudad Autónoma de Buenos Aires :
Name of publisher, distributor, etc Thomson Reuters La Ley,
Date of publication, distribution, etc 2025.
300 ## - PHYSICAL DESCRIPTION
Extent p. 71-74
500 ## - GENERAL NOTE
General note Cita Online: TR LALEY AR/DOC/784/2025.<br/>
505 ## - FORMATTED CONTENTS NOTE
Formatted contents note El análisis a realizar sobre el tema estará enfocado exclusivamente a los asuntos de alimentos correspondientes a los hijos menores por parte de los progenitores obligados a prestarlos; queda fuera de esta nota lo atinente a la "violencia de género".
505 ## - FORMATTED CONTENTS NOTE
Title ¿Te interesa el texto completo? Solicitalo al correo: koha@justierradelfuego.gov.ar<br/>
650 #0 - SUBJECT ADDED ENTRY--TOPICAL TERM
9 (RLIN) 968
Topical term or geographic name as entry element ALIMENTOS
650 #0 - SUBJECT ADDED ENTRY--TOPICAL TERM
9 (RLIN) 1015
Topical term or geographic name as entry element RESPONSABILIDAD PARENTAL
650 #0 - SUBJECT ADDED ENTRY--TOPICAL TERM
9 (RLIN) 4097
Topical term or geographic name as entry element INTERES SUPERIOR DEL NIÑO
650 #0 - SUBJECT ADDED ENTRY--TOPICAL TERM
9 (RLIN) 4099
Topical term or geographic name as entry element CUOTA ALIMENTARIA
650 #0 - SUBJECT ADDED ENTRY--TOPICAL TERM
Topical term or geographic name as entry element PERSPECTIVA DE GENERO
9 (RLIN) 4044
773 0# - HOST ITEM ENTRY
Host Biblionumber 2714
Host Itemnumber 3171
Place, publisher, and date of publication Ciudad Autónoma de Buenos Aires : Thomson Reuters La Ley, 2014-
Title Revista anales de legislación argentina. Nº 4 - Mayo 2025.
942 ## - ADDED ENTRY ELEMENTS (KOHA)
Source of classification or shelving scheme
Koha item type Analítica Artículo de Revista

No hay ítems disponibles.

12 de Octubre 789 Ushuaia - Tel:  54(02901)441571
Horario de Atención: 8.00 a 17.00 hs. 
bibliotecaush@justierradelfuego.gov.ar
koha@justierradelfuego.gov.ar
Seguinos en nuestras redes @bibliojustdf 

Con tecnología Koha